000 00903nam a22002777a 4500
005 20251108173346.0
008 250721s1998 xx 000 0 ara d
082 1 4 _aم/ط/530/خطي
100 1 _aالخطيب، أحمد شفيق
245 1 0 _aالفيزياء /
264 1 _aبيروت :
_bمكتبة لبنان ناشرون،
_c1998.
300 _a64 ص. : مص.
490 0 _aكتب الفراشة : موسوعة المشاهدة العيانية في أجزاء
650 1 7 _aالفيزياء
650 1 7 _aالاختبارات
650 1 7 _aالمكنات
650 1 7 _aالمغنطيسية
650 1 7 _aالإنعكاس
650 1 7 _aالانكسار
650 1 7 _aالذرات
650 1 7 _aالفيزياء النووية
653 _aناشئون صغار (10-14 سنة)
700 1 _aخير الله، يوسف سليمان
942 _2ddc
_cREF
999 _c102082
_d102082